[Event "Lisbon op-A"]
[Site "Lisbon"]
[Date "1999.??.??"]
[Round "2"]
[White "Correia, Mario Rui Costa"]
[Black "Santos, Marco"]
[Result "1-0"]
[WhiteElo "2116"]
[BlackElo "2091"]
[PlyCount "91"]
[EventDate "1999.10.??"]
[EventType "swiss"]
[EventRounds "6"]
[EventCountry "POR"]
[SourceTitle "CBM 073 Extra"]
[Source "ChessBase"]
[SourceDate "2000.01.11"]
[SourceVersion "1"]
[SourceVersionDate "2000.01.11"]
[SourceQuality "1"]

1. e4 c5 2. Nf3 d6 3. d4 cxd4 4. Nxd4 Nf6 5. Nc3 Nc6 6. Be3 e5 7. Nf3 Be6 8. Qd2 d5 9. exd5 Nxd5 10. Nxd5 Qxd5 11. Qxd5 Bxd5 12. 0-0-0 Bxa2 13. Bb5 a6 14. Bxc6+ bxc6 15. Nxe5 Bd5 16. Rhe1 f6 17. c4 Bxg2 18. Nd7 Kf7 19. Nxf8 Rhxf8 20. Rd7+ Ke6 21. Rxg7 Rg8 22. Bd4+ Kf5 23. Rxh7 Rh8 24. Ree7 Rxh7 25. Rxh7 Kg6 26. Re7 Rd8 27. Bc3 Rd3 28. Re6 Rf3 29. Bd4 Rf4 30. Rd6 Kf7 31. b3 Rf5 32. Be3 Rh5 33. Bf4 Ke7 34. Rd2 Rf5 35. Bg3 Rf3 36. Kb2 Bh3 37. Rd4 Bf1 38. h4 f5 39. h5 Bd3 40. h6 f4 41. Rxd3 Rxd3 42. h7 fxg3 43. h8Q Rd2+ 44. Kc3 gxf2 45. Qe5+ Kd7 46. Qf5+ 1-0

[Event "Lisbon op-A"]
[Site "Lisbon"]
[Date "1999.??.??"]
[Round "5"]
[White "Santos, Marco"]
[Black "Santos, Julio Fernandes"]
[Result "1/2-1/2"]
[WhiteElo "2091"]
[BlackElo "2020"]
[PlyCount "121"]
[EventDate "1999.10.??"]
[EventType "swiss"]
[EventRounds "6"]
[EventCountry "POR"]
[SourceTitle "CBM 073 Extra"]
[Source "ChessBase"]
[SourceDate "2000.01.11"]
[SourceVersion "1"]
[SourceVersionDate "2000.01.11"]
[SourceQuality "1"]

1. Nf3 d5 2. c4 e6 3. g3 c6 4. Qc2 g6 5. b3 Bg7 6. Bb2 Bxb2 7. Qxb2 Qf6 8. d4 c5 9. cxd5 exd5 10. Nc3 Ne7 11. dxc5 0-0 12. Bg2 a5 13. 0-0-0 Be6 14. h4 Nd7 15. Na4 Rac8 16. Qxf6 Nxf6 17. Ne5 b5 18. Nc3 Rxc5 19. Kb2 Rfc8 20. Nb1 Rc2+ 21. Ka1 Rxe2 22. Rhe1 Rxf2 23. Rd2 Rc2 24. Rxf2 Rxf2 25. Bf1 b4 26. Nd3 Rf3 27. Nf4 Ne4 28. Nxe6 fxe6 29. Bg2 Rxg3 30. Bxe4 dxe4 31. Rxe4 Kf7 32. Rc4 Nd5 33. Rc5 Rg1 34. Kb2 Rg2+ 35. Ka1 Rh2 36. a4 Rxh4 37. Rxa5 h5 38. Ra7+ Kf6 39. a5 Rh2 40. a6 Rc2 41. Rb7 Rc6 42. a7 Ra6+ 43. Kb2 h4 44. Nd2 h3 45. Ne4+ Kf5 46. Nd6+ Kg4 47. Rh7 Nf6 48. Rh6 h2 49. Rxh2 Rxa7 50. Rg2+ Kh5 51. Re2 Re7 52. Re5+ g5 53. Nc8 Ng4 54. Rxg5+ Kxg5 55. Nxe7 Ne3 56. Nc6 Nd5 57. Kc2 Kf5 58. Kd3 e5 59. Kc4 Ke6 60. Nd8+ Kd6 61. Nf7+ 1/2-1/2

[Event "Lisbon-ch"]
[Site "Lisbon"]
[Date "1998.06.04"]
[Round "11"]
[White "Nogueira, Nelson"]
[Black "Santos, Marco"]
[Result "1-0"]
[WhiteElo "2155"]
[BlackElo "2100"]
[PlyCount "85"]
[EventDate "1998.05.18"]
[EventType "tourn"]
[EventRounds "11"]
[EventCountry "POR"]
[SourceTitle "CBM 064 Extra"]
[Source "ChessBase"]
[SourceDate "1998.07.07"]
[SourceVersion "1"]
[SourceVersionDate "1998.07.07"]
[SourceQuality "1"]

1. c4 Nf6 2. Nc3 c6 3. Nf3 d5 4. e3 e6 5. b3 Nbd7 6. Be2 Bd6 7. 0-0 0-0 8. Bb2 dxc4 9. bxc4 e5 10. d4 e4 11. Nd2 Re8 12. Qc2 Qe7 13. Rae1 Nf8 14. f4 Bf5 15. c5 Bc7 16. Qd1 Rad8 17. g4 Bc8 18. Rf2 h6 19. Nc4 Ng6 20. Kh1 Be6 21. Nd6 Bxd6 22. cxd6 Qxd6 23. f5 Nh4 24. fxe6 Qxe6 25. Qb3 Qd7 26. Rg1 Nh7 27. d5 Ng5 28. dxc6 Nh3 29. Rff1 bxc6 30. Rg3 Ng5 31. Rd1 Qc7 32. Rxd8 Qxd8 33. Qd1 Qb6 34. Na4 Qb4 35. Qd4 Qxd4 36. exd4 g6 37. Rc3 Re6 38. d5 Re8 39. dxc6 Ne6 40. Nc5 Nd4 41. Nd7 Rc8 42. c7 Nxe2 43. Rb3 1-0

[Event "Lisbon-ch"]
[Site "Lisbon"]
[Date "1998.05.28"]
[Round "7"]
[White "Santos, Marco"]
[Black "Frois, Antonio"]
[Result "0-1"]
[WhiteElo "2100"]
[BlackElo "2385"]
[PlyCount "77"]
[EventDate "1998.05.18"]
[EventType "tourn"]
[EventRounds "11"]
[EventCountry "POR"]
[SourceTitle "CBM 064 Extra"]
[Source "ChessBase"]
[SourceDate "1998.07.07"]
[SourceVersion "1"]
[SourceVersionDate "1998.07.07"]
[SourceQuality "1"]

1. e4 c5 2. Nf3 Nc6 3. d4 cxd4 4. Nxd4 g6 5. c4 Nf6 6. Nc3 d6 7. Nc2 Bg7 8. Be2 Nd7 9. Bd2 0-0 10. 0-0 a5 11. b3 Nc5 12. f3 Nb4 13. Kh1 Bd7 14. Be1 Nxc2 15. Qxc2 a4 16. b4 Ne6 17. Rc1 Re8 18. Bf2 Nd4 19. Qd2 e5 20. Bd3 Rc8 21. Rfd1 Bf8 22. Bf1 a3 23. Bxd4 exd4 24. Qxd4 Qg5 25. c5 Be6 26. Nd5 Bg7 27. Qf2 dxc5 28. bxc5 Qe5 29. Bb5 Qb2 30. Qf1 Bxd5 31. Bxe8 Bxa2 32. Bd7 Rf8 33. f4 Bb3 34. Rd6 a2 35. e5 Ra8 36. Ra1 Bc2 37. Rd2 Qb3 38. Qc1 Bb1 39. Qb2 0-1

[Event "Lisbon-ch"]
[Site "Lisbon"]
[Date "1998.05.26"]
[Round "6"]
[White "Guerra, Vitor Manuel Vestia"]
[Black "Santos, Marco"]
[Result "1-0"]
[WhiteElo "2200"]
[BlackElo "2100"]
[PlyCount "117"]
[EventDate "1998.05.18"]
[EventType "tourn"]
[EventRounds "11"]
[EventCountry "POR"]
[SourceTitle "CBM 064 Extra"]
[Source "ChessBase"]
[SourceDate "1998.07.07"]
[SourceVersion "1"]
[SourceVersionDate "1998.07.07"]
[SourceQuality "1"]

1. d4 Nf6 2. c4 c6 3. Nc3 d5 4. Nf3 e6 5. g3 dxc4 6. a4 Bb4 7. Bg2 b5 8. 0-0 Bxc3 9. bxc3 0-0 10. Qc2 Bb7 11. e4 h6 12. Ba3 Re8 13. e5 Nd5 14. Nd2 a5 15. Ne4 b4 16. Nd6 bxa3 17. Nxb7 Qb6 18. Nd6 Qb2 19. Rfc1 Re7 20. Nxc4 Qxc2 21. Rxc2 Rb7 22. Rxa3 Nd7 23. Be4 Rb1+ 24. Kg2 Re1 25. Bf3 Nf8 26. Rb2 Rc1 27. Rbb3 Nh7 28. h4 g5 29. h5 Ra7 30. Nd6 Rc2 31. Rb8+ Nf8 32. Bxd5 cxd5 33. Rb7 Rxb7 34. Nxb7 g4 35. Nc5 Nh7 36. Nd7 Kg7 37. Rb3 Ra2 38. Rb7 Ng5 39. Nf6 Ne4 40. Nxg4 Rxa4 41. Ra7 Ra1 42. Ra8 a4 43. Kf3 a3 44. Kf4 a2 45. Kf3 Ng5+ 46. Kg2 Nh7 47. f4 Rc1 48. Rxa2 Rxc3 49. Ra4 Rc2+ 50. Kf3 Rc3+ 51. Ne3 Nf8 52. g4 Nd7 53. Ke2 Rb3 54. f5 Nb6 55. Ra7 Rb2+ 56. Kf3 Kf8 57. f6 Ke8 58. Rb7 Nc4 59. Nxc4 1-0

[Event "Lisbon op"]
[Site "Lisbon"]
[Date "1998.??.??"]
[Round "9"]
[White "Andrade, Jose Manuel Vieira"]
[Black "Santos, Marco"]
[Result "0-1"]
[WhiteElo "2080"]
[BlackElo "2100"]
[PlyCount "84"]
[EventDate "1998.??.??"]
[EventType "swiss"]
[EventRounds "12"]
[EventCountry "POR"]
[SourceTitle "EXT 2000"]
[Source "ChessBase"]
[SourceDate "1999.11.16"]
[SourceVersion "1"]
[SourceVersionDate "1999.11.16"]
[SourceQuality "1"]

1. e4 c5 2. Nf3 d6 3. d4 cxd4 4. Nxd4 Nf6 5. Nc3 Nc6 6. Be3 e5 7. Nb3 Be6 8. Be2 a5 9. Nd5 Nd7 10. 0-0 Be7 11. Nd2 0-0 12. Nc4 Bxd5 13. exd5 Ncb8 14. Rc1 f5 15. f3 Na6 16. Qd2 Nac5 17. Rfd1 Kh8 18. b3 Rf6 19. a3 f4 20. Bf2 Rh6 21. b4 axb4 22. axb4 Na4 23. Ra1 Bh4 24. Bf1 Bxf2+ 25. Qxf2 Nc3 26. Rxa8 Qxa8 27. Rd3 Qa1 28. Na5 b6 29. Nb3 Qb2 30. Qe1 Na2 31. c4 Rf6 32. Nd2 Nc1 33. Qe4 Nxd3 34. Bxd3 g6 35. Qe2 Rf8 36. b5 Ra8 37. Qf2 Ra2 38. Qh4 Qd4+ 39. Kh1 Ra8 40. Bxg6 Ra1+ 41. Bb1 Rxb1+ 42. Nxb1 Qd1+ 0-1

[Event "Lisbon op2"]
[Site "Lisbon"]
[Date "1998.??.??"]
[Round "?"]
[White "Santos, Marco"]
[Black "Dias, Paulo Jorge Guimara"]
[Result "0-1"]
[WhiteElo "2100"]
[BlackElo "2295"]
[PlyCount "92"]
[EventDate "1998.??.??"]
[EventType "swiss"]
[EventRounds "7"]
[EventCountry "POR"]
[SourceTitle "EXT 2000"]
[Source "ChessBase"]
[SourceDate "1999.11.16"]
[SourceVersion "1"]
[SourceVersionDate "1999.11.16"]
[SourceQuality "1"]

1. Nf3 f5 2. e4 fxe4 3. Ng5 e5 4. d3 e3 5. Bxe3 Be7 6. h4 Nf6 7. d4 exd4 8. Bxd4 Nc6 9. Bc3 d5 10. Bd3 Bg4 11. f3 Qd6 12. Qe2 Bd7 13. Na3 Qg3+ 14. Kd1 a6 15. b4 Qd6 16. Rb1 Rf8 17. b5 Qxa3 18. Rb3 axb5 19. Rxa3 Rxa3 20. Bxf6 Rxf6 21. Bxb5 Rxa2 22. Bxc6 Rxc6 23. Re1 Ra1+ 24. Kd2 Rxc2+ 25. Kxc2 Ra2+ 26. Kb3 Rxe2 27. Rxe2 h6 28. Ne6 Bxe6 29. Rxe6 Kd7 30. Rg6 Bf6 31. h5 Ke6 32. Rg4 c5 33. Ra4 Kd6 34. Ra7 Kc6 35. f4 c4+ 36. Kc2 d4 37. g4 Kb6 38. Ra8 Kc5 39. Rf8 d3+ 40. Kd2 Kd4 41. g5 c3+ 42. Kd1 c2+ 43. Kd2 Be7 44. Ra8 Bb4+ 45. Kc1 Kc3 46. Rc8+ Kb3 0-1

[Event "Lisbon op"]
[Site "Lisbon"]
[Date "1998.??.??"]
[Round "6"]
[White "Santos, Marco"]
[Black "Rodrigues, Rui"]
[Result "0-1"]
[WhiteElo "2100"]
[BlackElo "2155"]
[PlyCount "79"]
[EventDate "1998.??.??"]
[EventType "swiss"]
[EventRounds "12"]
[EventCountry "POR"]
[SourceTitle "EXT 2000"]
[Source "ChessBase"]
[SourceDate "1999.11.16"]
[SourceVersion "1"]
[SourceVersionDate "1999.11.16"]
[SourceQuality "1"]

1. Nf3 Nf6 2. c4 e6 3. g3 b6 4. Bg2 Bb7 5. 0-0 Be7 6. Nc3 0-0 7. Re1 Ne4 8. Nxe4 Bxe4 9. d3 Bb7 10. e4 d6 11. d4 Nd7 12. b3 e5 13. Bb2 Bf6 14. Qc2 Qe7 15. Rad1 Rfd8 16. Bc3 Nf8 17. Qb2 Ng6 18. b4 c5 19. bxc5 bxc5 20. dxc5 dxc5 21. Nd2 Bc6 22. Nf1 Qb7 23. Ne3 Qxb2 24. Bxb2 Ba4 25. Rxd8+ Bxd8 26. Ba3 Bb6 27. Nd5 f6 28. Bh3 Kf7 29. f3 Ne7 30. Rb1 Be8 31. Bc1 Nc6 32. Bd2 Nd4 33. Kf2 Bc6 34. Bc3 Ke8 35. a4 Bxa4 36. Ra1 Bc6 37. Ra2 Rb8 38. Rb2 Bd7 39. Bxd7+ Kxd7 40. Ba5 0-1

[Event "Lisbon VI Finalissima"]
[Site "Lisbon"]
[Date "1996.??.??"]
[Round "8"]
[White "Santos, Marco"]
[Black "Gaspar, Artur Jorge Rocha"]
[Result "1-0"]
[WhiteElo "2110"]
[BlackElo "2245"]
[PlyCount "75"]
[EventDate "1996.??.??"]
[EventType "tourn"]
[EventRounds "11"]
[EventCountry "POR"]
[SourceTitle "EXT 1997"]
[Source "ChessBase"]
[SourceDate "1996.11.15"]
[SourceVersion "1"]
[SourceVersionDate "1996.11.15"]
[SourceQuality "1"]

1. e4 c5 2. Nf3 e6 3. c3 Nf6 4. Bd3 d6 5. Bc2 Be7 6. d4 cxd4 7. cxd4 0-0 8. 0-0 Qa5 9. e5 dxe5 10. dxe5 Rd8 11. Bd2 Rxd2 12. Qxd2 Qxd2 13. Nbxd2 Nd5 14. Ne4 Nc6 15. Rfd1 a6 16. Bb3 Nf4 17. Nd6 Ng6 18. Rac1 h5 19. Ba4 Bxd6 20. Rxd6 Nge7 21. Nd4 Nxd4 22. Rxd4 Nd5 23. Bb3 Bd7 24. Bxd5 exd5 25. Rxd5 Bc6 26. Rd6 Re8 27. f4 g5 28. g3 h4 29. Kf2 Kg7 30. Rg1 h3 31. Rc1 Kh7 32. Ke3 gxf4+ 33. Kxf4 a5 34. Kf5 Kg7 35. Rc4 Bg2 36. Rg4+ Kf8 37. Kf6 Rc8 38. Rg7 1-0

[Event "Lisbon VI Finalissima"]
[Site "Lisbon"]
[Date "1996.??.??"]
[Round "1"]
[White "Santos, Marco"]
[Black "Reis, Luis Sousa"]
[Result "1-0"]
[WhiteElo "2110"]
[BlackElo "2200"]
[PlyCount "107"]
[EventDate "1996.??.??"]
[EventType "tourn"]
[EventRounds "11"]
[EventCountry "POR"]
[SourceTitle "EXT 1997"]
[Source "ChessBase"]
[SourceDate "1996.11.15"]
[SourceVersion "1"]
[SourceVersionDate "1996.11.15"]
[SourceQuality "1"]

1. Nf3 g6 2. e4 Bg7 3. d4 c6 4. c4 d5 5. exd5 cxd5 6. Nc3 Nf6 7. Bg5 Ne4 8. Bh4 Nxc3 9. bxc3 0-0 10. Qb3 dxc4 11. Bxc4 Nc6 12. Qa3 Bg4 13. 0-0 Bxf3 14. gxf3 Qd7 15. Rfe1 Qh3 16. Bg3 Qf5 17. Kg2 Rac8 18. Re3 e6 19. Bd3 Qa5 20. Bd6 Rfd8 21. Rb1 b6 22. Qxa5 Nxa5 23. Ba6 Nc4 24. Be7 Re8 25. Rd3 Rc7 26. Bh4 Nd6 27. Bg3 Rd7 28. c4 Nf5 29. Bb5 Red8 30. Bxd7 Rxd7 31. d5 Bd4 32. dxe6 Re7 33. Rbd1 Bc5 34. Rd8+ Kg7 35. exf7 Kxf7 36. Rh8 Kg7 37. Rhd8 Re2 38. R1d7+ Kf6 39. Rd2 Ne3+ 40. Kh3 Rxd2 41. Rxd2 Nxc4 42. Rd7 a5 43. Rxh7 Nd2 44. Kg4 Nb1 45. Bh4+ Ke6 46. Rg7 Nc3 47. Rxg6+ Kf7 48. Rf6+ Kg7 49. Re6 Nxa2 50. Bd8 Kf7 51. Kf5 Nc3 52. Bxb6 Bb4 53. Rc6 Nb5 54. Bc5 1-0

[Event "Lisbon VI Finalissima"]
[Site "Lisbon"]
[Date "1996.??.??"]
[Round "7"]
[White "Santos, Marco"]
[Black "Santos, Carlos Pereira Dos"]
[Result "0-1"]
[WhiteElo "2110"]
[BlackElo "2330"]
[PlyCount "40"]
[EventDate "1996.??.??"]
[EventType "tourn"]
[EventRounds "11"]
[EventCountry "POR"]
[SourceTitle "EXT 1997"]
[Source "ChessBase"]
[SourceDate "1996.11.15"]
[SourceVersion "1"]
[SourceVersionDate "1996.11.15"]
[SourceQuality "1"]

1. Nf3 Nf6 2. c4 g6 3. Nc3 Bg7 4. e4 d6 5. d4 0-0 6. h3 c5 7. d5 a6 8. Bd3 b5 9. cxb5 axb5 10. Bxb5 Nxe4 11. Nxe4 Qa5+ 12. Nc3 Bxc3+ 13. bxc3 Qxb5 14. Qe2 Qxe2+ 15. Kxe2 Ba6+ 16. Ke3 Bc4 17. Nd2 Bxd5 18. f3 Bxa2 19. c4 Nc6 20. f4 Nd4 0-1

[Event "POR-ch"]
[Site "Lisbon"]
[Date "1996.??.??"]
[Round "10"]
[White "Santos, Marco"]
[Black "Vitor, Antonio Pedro Caste"]
[Result "1/2-1/2"]
[WhiteElo "2140"]
[BlackElo "2285"]
[PlyCount "129"]
[EventDate "1996.??.??"]
[EventType "tourn"]
[EventRounds "11"]
[EventCountry "POR"]
[SourceTitle "EXT 1998"]
[Source "ChessBase"]
[SourceDate "1997.11.17"]
[SourceVersion "1"]
[SourceVersionDate "1997.11.17"]
[SourceQuality "1"]

1. Nf3 g6 2. e4 Bg7 3. d4 d6 4. Be2 Nf6 5. Nc3 0-0 6. h3 c6 7. a4 a5 8. 0-0 Qc7 9. Bf4 h6 10. Qd2 Kh7 11. e5 Nd5 12. Nxd5 cxd5 13. exd6 exd6 14. Bd3 Nd7 15. Rfe1 Nf6 16. Re2 Bd7 17. Rae1 Rae8 18. b3 Rxe2 19. Rxe2 Bc6 20. Nh2 Rd8 21. Nf1 b6 22. Ng3 Qd7 23. Qe1 Re8 24. c3 Kg8 25. Rxe8+ Nxe8 26. Qd2 h5 27. Qe2 Kf8 28. Bg5 Nc7 29. Bd2 Qe7 30. Qf3 Qf6 31. Qe2 Qe7 32. Nf1 Qxe2 33. Bxe2 b5 34. axb5 Bxb5 35. Bxb5 Nxb5 36. Ne3 Nc7 37. Kf1 Ke7 38. Ke2 Kd7 39. Kd3 Kc6 40. c4 dxc4+ 41. Nxc4 Ne6 42. Bc3 d5 43. Ne3 Nf4+ 44. Kd2 Bh6 45. Kc2 Bg7 46. Kd2 Bf6 47. Bb2 Bd8 48. Bc3 Bb6 49. Bb2 Bc7 50. Bc3 Bd8 51. Bb2 Bg5 52. Kc2 f5 53. Bc3 Bd8 54. Kd2 Be7 55. Bb2 Bd6 56. Bc3 Kb5 57. h4 Bb4 58. g3 Nh3 59. Nxd5 Nxf2 60. Bxb4 axb4 61. Nf4 Ne4+ 62. Kd3 Nxg3 63. Nxg6 Kc6 64. Nf4 Kb5 65. Ne2 1/2-1/2

[Event "Lisbon Masters-B"]
[Site "Lisbon"]
[Date "1995.??.??"]
[Round "6"]
[White "Carneiro, Carlos Alberto Carv"]
[Black "Santos, Marco"]
[Result "1-0"]
[WhiteElo "2245"]
[BlackElo "2185"]
[PlyCount "141"]
[EventDate "1995.??.??"]
[EventType "tourn"]
[EventRounds "9"]
[EventCountry "POR"]
[SourceTitle "EXT 1997"]
[Source "ChessBase"]
[SourceDate "1996.11.15"]
[SourceVersion "1"]
[SourceVersionDate "1996.11.15"]
[SourceQuality "1"]

1. d4 d5 2. Nf3 Nf6 3. c4 c6 4. Nc3 e6 5. Bf4 dxc4 6. e3 b5 7. a4 Bb4 8. axb5 cxb5 9. Bxb8 Rxb8 10. Rxa7 Nd5 11. Qa1 Qb6 12. Ra2 Bb7 13. Ne5 0-0 14. Nd7 Qc6 15. Nxf8 Bxf8 16. Qc1 Nb6 17. f3 Rc8 18. Kf2 b4 19. Ne4 f5 20. Ng5 h6 21. Nh3 b3 22. Ra7 Bd6 23. Be2 Na4 24. Qa1 Ba6 25. Rc1 Bb8 26. Re7 Bb5 27. Nf4 Bxf4 28. exf4 Qd6 29. Rb7 Qxd4+ 30. Kg3 Bc6 31. Bxc4 Re8 32. Rxb3 g5 33. Rd3 gxf4+ 34. Kh3 Qg7 35. b3 Qg5 36. g3 Nc5 37. Bxe6+ Nxe6 38. Rxc6 fxg3 39. hxg3 f4 40. g4 h5 41. Qg1 h4 42. Qe1 Qg6 43. Qe4 Ng5+ 44. Kg2 Qxe4 45. fxe4 f3+ 46. Rxf3 Nxf3 47. Kxf3 Rb8 48. Rc3 Kg7 49. Kf4 Rh8 50. Kg5 h3 51. Rc7+ Kf8 52. Rc1 Ke7 53. Kf5 Rb8 54. Rc7+ Kd6 55. Rh7 Rxb3 56. e5+ Kd5 57. Rd7+ Kc6 58. Rd6+ Kc5 59. Rh6 Kd5 60. g5 Re3 61. Rd6+ Kc5 62. Rd2 Ra3 63. g6 Rg3 64. e6 h2 65. Rxh2 Kd6 66. Rd2+ Ke7 67. Rd7+ Ke8 68. g7 Rg1 69. Ra7 Rf1+ 70. Ke4 Re1+ 71. Kd3 1-0

[Event "Lisbon Masters-B"]
[Site "Lisbon"]
[Date "1995.??.??"]
[Round "8"]
[White "Rodrigues, Luis Bernardino"]
[Black "Santos, Marco"]
[Result "1-0"]
[WhiteElo "2075"]
[BlackElo "2185"]
[PlyCount "53"]
[EventDate "1995.??.??"]
[EventType "tourn"]
[EventRounds "9"]
[EventCountry "POR"]
[SourceTitle "EXT 1997"]
[Source "ChessBase"]
[SourceDate "1996.11.15"]
[SourceVersion "1"]
[SourceVersionDate "1996.11.15"]
[SourceQuality "1"]

1. Nf3 d5 2. c4 c6 3. d4 Nf6 4. e3 e6 5. Bd3 dxc4 6. Bxc4 b5 7. Bd3 Nbd7 8. 0-0 Bb7 9. Qe2 Bd6 10. e4 e5 11. dxe5 Nxe5 12. Nxe5 Bxe5 13. Bxb5 Qc7 14. Bc4 Bxh2+ 15. Kh1 Be5 16. a4 0-0 17. Ra3 c5 18. f4 Bd4 19. e5 Ne4 20. Rh3 Qd7 21. Kh2 Rad8 22. Nc3 Bxc3 23. bxc3 Nd2 24. Bxd2 Qxd2 25. Qg4 Kh8 26. e6 fxe6 27. Rxh7+ 1-0

[Event "Lisbon Masters-B"]
[Site "Lisbon"]
[Date "1995.??.??"]
[Round "9"]
[White "Santos, Marco"]
[Black "Morais, Vitor Mestre"]
[Result "1-0"]
[WhiteElo "2185"]
[BlackElo "2215"]
[PlyCount "99"]
[EventDate "1995.??.??"]
[EventType "tourn"]
[EventRounds "9"]
[EventCountry "POR"]
[SourceTitle "EXT 1997"]
[Source "ChessBase"]
[SourceDate "1996.11.15"]
[SourceVersion "1"]
[SourceVersionDate "1996.11.15"]
[SourceQuality "1"]

1. Nf3 Nf6 2. c4 c5 3. g3 d5 4. cxd5 Nxd5 5. Bg2 Nc6 6. d4 e6 7. 0-0 Be7 8. Nc3 Nxc3 9. bxc3 0-0 10. Rb1 Qa5 11. Qb3 cxd4 12. cxd4 Rd8 13. Rd1 Bf6 14. Bb2 Rb8 15. e4 Qh5 16. e5 Be7 17. Ne1 Na5 18. Qc3 Nc6 19. Nd3 g5 20. Nc5 Nxe5 21. Ne4 Nd7 22. d5 e5 23. d6 Bf8 24. Qc7 Re8 25. Qxb8 Nxb8 26. Nf6+ Kg7 27. Nxh5+ Kg6 28. d7 Bxd7 29. Rxd7 Nxd7 30. g4 f5 31. Ng3 fxg4 32. Bxb7 Nc5 33. Ba3 h6 34. Rb5 Nxb7 35. Bxf8 Rxf8 36. Rxb7 Ra8 37. Rc7 Rb8 38. Rxa7 Rb6 39. Ra4 h5 40. Re4 h4 41. Ne2 Kf5 42. Ra4 Rd6 43. Nc3 Rd3 44. Rc4 Rd2 45. a4 Rc2 46. Nd1 Ra2 47. Ne3+ Ke6 48. Rxg4 Kf6 49. Kg2 Ra3 50. h3 1-0

[Event "Lisbon Masters-B"]
[Site "Lisbon"]
[Date "1995.??.??"]
[Round "7"]
[White "Santos, Marco"]
[Black "Pereira, Joao"]
[Result "1-0"]
[WhiteElo "2185"]
[BlackElo "2140"]
[PlyCount "91"]
[EventDate "1995.??.??"]
[EventType "tourn"]
[EventRounds "9"]
[EventCountry "POR"]
[SourceTitle "EXT 1997"]
[Source "ChessBase"]
[SourceDate "1996.11.15"]
[SourceVersion "1"]
[SourceVersionDate "1996.11.15"]
[SourceQuality "1"]

1. e4 d6 2. d4 Nf6 3. Nc3 c6 4. f4 Qa5 5. e5 Ne4 6. Bd3 Nxc3 7. Qd2 Qd5 8. bxc3 dxe5 9. fxe5 Bg4 10. Qf4 h5 11. c4 Qd7 12. h3 g5 13. Qf2 Be6 14. Bxg5 Na6 15. Rb1 0-0-0 16. Ne2 Rg8 17. Be3 f6 18. Nf4 Bh6 19. Nxe6 Bxe3 20. Qxe3 Qxe6 21. 0-0 Kb8 22. Rf5 h4 23. Qf4 fxe5 24. Rxe5 Qf6 25. Rf5+ Qd6 26. c5 Qxf4 27. Rxf4 Nc7 28. Rxh4 Rg5 29. Bc4 e6 30. Re4 Rdg8 31. g4 R5g6 32. Rbe1 Re8 33. h4 Kc8 34. g5 Kd7 35. Rg4 Reg8 36. Re5 Rh8 37. Bd3 Rg7 38. g6 Nd5 39. h5 Nb4 40. Bc4 Nxc2 41. Bxe6+ Kc7 42. Bf7 Nb4 43. Re7+ Kd8 44. Rge4 Nd5 45. Re8+ Rxe8 46. Rxe8+ 1-0

[Event "Lisbon Masters-B"]
[Site "Lisbon"]
[Date "1995.??.??"]
[Round "4"]
[White "Vitor, Antonio Pedro Caste"]
[Black "Santos, Marco"]
[Result "1-0"]
[WhiteElo "2220"]
[BlackElo "2185"]
[PlyCount "79"]
[EventDate "1995.??.??"]
[EventType "tourn"]
[EventRounds "9"]
[EventCountry "POR"]
[SourceTitle "EXT 1997"]
[Source "ChessBase"]
[SourceDate "1996.11.15"]
[SourceVersion "1"]
[SourceVersionDate "1996.11.15"]
[SourceQuality "1"]

1. e4 c5 2. c3 d6 3. Nf3 Nf6 4. Be2 g6 5. 0-0 Bg7 6. d3 0-0 7. a4 b6 8. Na3 Bb7 9. Re1 Nc6 10. Bf1 Qc7 11. h3 a6 12. Bf4 Nd7 13. Rb1 Rab8 14. Qd2 Rfe8 15. Nh2 Na7 16. Ng4 Bc6 17. d4 e5 18. dxe5 dxe5 19. Bh6 Qb7 20. Bxg7 Kxg7 21. Qh6+ Kh8 22. Rbd1 f6 23. Nc4 Re7 24. Nd6 Qa8 25. Bc4 Rf8 26. Bxa6 Bxa4 27. Ra1 Bb3 28. Bc4 Bxc4 29. Nxc4 Kg8 30. Nge3 Qb8 31. Nd5 Re6 32. Ra6 Nb5 33. Rea1 Qb7 34. Qd2 Rb8 35. Qe2 Qc8 36. Nxe5 Nxc3 37. bxc3 fxe5 38. Ra7 Rd6 39. Qc4 Kh8 40. Ne7 1-0

[Event "Lisbon-ch"]
[Site "Lisbon"]
[Date "1994.??.??"]
[Round "8"]
[White "Pereira, Joao"]
[Black "Santos, Marco"]
[Result "0-1"]
[WhiteElo "2215"]
[BlackElo "2000"]
[PlyCount "72"]
[EventDate "1994.??.??"]
[EventType "tourn"]
[EventRounds "11"]
[EventCountry "POR"]
[SourceTitle "EXT 1998"]
[Source "ChessBase"]
[SourceDate "1997.11.17"]
[SourceVersion "1"]
[SourceVersionDate "1997.11.17"]
[SourceQuality "1"]

1. e4 c5 2. Nf3 d6 3. d4 cxd4 4. Nxd4 Nf6 5. Nc3 Nc6 6. Bg5 Bd7 7. Bxf6 gxf6 8. Be2 Qa5 9. 0-0 Rg8 10. Nd5 Bh3 11. g3 Nxd4 12. Qxd4 Bxf1 13. Bxf1 Bg7 14. b4 Qd8 15. Rd1 e6 16. Bb5+ Kf8 17. Ne3 Qc7 18. a4 Ke7 19. a5 h5 20. Qd3 h4 21. Re1 hxg3 22. hxg3 Bh6 23. Nd5+ exd5 24. exd5+ Kf8 25. Qh7 Bf4 26. Kf1 Be5 27. Qh6+ Ke7 28. Qe3 a6 29. Bd3 Kd8 30. Qe4 Qd7 31. Qh7 Kc7 32. Bf5 Rh8 33. Qxh8 Rxh8 34. Bxd7 Rh1+ 35. Ke2 Rxe1+ 36. Kxe1 Bc3+ 0-1

[Event "Lisbon-ch"]
[Site "Lisbon"]
[Date "1994.??.??"]
[Round "1"]
[White "Santos, Marco"]
[Black "Nogueira, Nelson"]
[Result "0-1"]
[WhiteElo "2000"]
[BlackElo "2265"]
[PlyCount "68"]
[EventDate "1994.??.??"]
[EventType "tourn"]
[EventRounds "11"]
[EventCountry "POR"]
[SourceTitle "EXT 1998"]
[Source "ChessBase"]
[SourceDate "1997.11.17"]
[SourceVersion "1"]
[SourceVersionDate "1997.11.17"]
[SourceQuality "1"]

1. Nf3 c5 2. c4 Nc6 3. d4 cxd4 4. Nxd4 Nf6 5. Nc3 e6 6. a3 Be7 7. e4 d6 8. Be3 0-0 9. Bd3 Ne5 10. Be2 Bd7 11. f4 Nc6 12. Nc2 a6 13. 0-0 Qc7 14. Rc1 Na5 15. Nd4 Nxc4 16. Bxc4 Qxc4 17. b3 Qc7 18. Nf3 Qa5 19. e5 Ng4 20. Bd4 dxe5 21. Nxe5 Nxe5 22. Bxe5 Rfd8 23. b4 Qxa3 24. Bc7 Bc6 25. Bxd8 Rxd8 26. Qc2 Qxb4 27. f5 Qd4+ 28. Kh1 Qd2 29. Rf2 Qxc2 30. Rcxc2 exf5 31. h3 g6 32. Ne2 Rd1+ 33. Kh2 Bd6+ 34. Ng3 Rd3 0-1

[Event "Lisbon-ch"]
[Site "Lisbon"]
[Date "1994.??.??"]
[Round "11"]
[White "Santos, Marco"]
[Black "Nunes, Jose Julio"]
[Result "1-0"]
[WhiteElo "2000"]
[BlackElo "2000"]
[PlyCount "117"]
[EventDate "1994.??.??"]
[EventType "tourn"]
[EventRounds "11"]
[EventCountry "POR"]
[SourceTitle "EXT 1998"]
[Source "ChessBase"]
[SourceDate "1997.11.17"]
[SourceVersion "1"]
[SourceVersionDate "1997.11.17"]
[SourceQuality "1"]

1. Nf3 d5 2. c4 c6 3. e3 g6 4. d4 Bg7 5. Be2 Nf6 6. Nc3 0-0 7. 0-0 b6 8. b4 dxc4 9. Bxc4 Nd5 10. Qb3 Nxc3 11. Qxc3 Ba6 12. Ba3 Bxc4 13. Qxc4 b5 14. Qc3 Qd5 15. Ne5 Rc8 16. Rfc1 f6 17. Nd3 Nd7 18. Bb2 Nb6 19. Qb3 Nc4 20. Rc2 e5 21. Rac1 f5 22. Nxe5 Bxe5 23. dxe5 Rd8 24. Bd4 a5 25. bxa5 Rxa5 26. Qb4 Ra4 27. Qe7 Qd7 28. Qxd7 Rxd7 29. f4 Kf7 30. Kf2 Rd5 31. Ke2 c5 32. Bc3 Ke6 33. h3 Ra7 34. g4 Rad7 35. Kf3 Rd3 36. Re1 Na3 37. Rcc1 R7d5 38. Re2 b4 39. Bb2 Nb5 40. Rec2 Rd2 41. Ba1 Rxc2 42. Rxc2 Na3 43. gxf5+ gxf5 44. Rc1 Kd7 45. Bb2 Nb5 46. Ke2 Kc6 47. Rc4 Nc3+ 48. Bxc3 Kb5 49. e6 Kxc4 50. e7 Kxc3 51. e8Q c4 52. Ke1 Ra5 53. Qh8+ Kc2 54. Qd4 c3 55. Qd1+ Kb2 56. Qb3+ Ka1 57. Qxb4 c2 58. Kd2 Rxa2 59. Kc1 1-0